Word Ladder: Dance Your Cares Away Quiz Stats

 Plays Quiz Updated Apr 6, 2016

Challenge
Share
Tweet
Embed
Score 0/28 Timer 03:00
0 Plays Today
Hint 4-Letter Word % Correct
Closed handFIST
98.5%
Fine spray of waterMIST
97.2%
Collection of shopsMALL
96.7%
'Push' alternativePULL
96.7%
Catcher's gloveMITT
95.9%
Milkshake flavoring or beer ingredientMALT
95.8%
Authoritative decree or Italian automakerFIAT
95.6%
SurveyPOLL
94.9%
To secure a doorLOCK
93.8%
'N' or 'S' on a magnet POLE
93.6%
Bottom of a bootSOLE
93.3%
Pained, achySORE
92.1%
● Large pebble ●● ROCK ●
92%
Clinton's VPGORE
90.3%
Hint 4-Letter Word % Correct
● Traveling uncle in an '80s kids' show ● ● MATT ●
90%
Sigma Chi or Alpha Phi Alpha, e. g.FRAT
89.8%
Multiple male childrenSONS
89.6%
● Aquatic bird ●● GULL ●
86.9%
Brazen assurance or bileGALL
85.9%
Album componentSONG
85.5%
Chain restaurant: El Pollo ____LOCO
85.3%
Large metal percussion instrumentGONG
81.2%
● Giant character in an '80s kids' show ●● GORG ●
75.6%
Weeps and wailsSOBS
68.6%
Wolf, in SpanishLOBO
65.1%
● Slang for grenade ●● FRAG ●
61.7%
Lots and lots, informallyGOBS
52.9%
● Main character in an '80s kids' show ●● GOBO ●
46.3%

Today's Daily Dose

You're not logged in!

Compare scores with friends on all Sporcle quizzes.
Join for Free
OR
Log In

You Might Also Like...

Show Comments

Extras

Top Quizzes Today


Score Distribution

Your Account Isn't Verified!

In order to create a playlist on Sporcle, you need to verify the email address you used during registration. Go to your Sporcle Settings to finish the process.

Report this User

Report this user for behavior that violates our Community Guidelines.

Details: